Vr̥ttaratnākaraḥ. (Record no. 63604)
[ view plain ]
| 000 -LEADER | |
|---|---|
| fixed length control field | 01058cam a22003131 4500 |
| 001 - CONTROL NUMBER | |
| control field | sa 65004193 |
| 003 - CONTROL NUMBER IDENTIFIER | |
| control field | DLC |
| 005 - DATE AND TIME OF LATEST TRANSACTION | |
| control field | 20260227112129.0 |
| 008 - FIXED-LENGTH DATA ELEMENTS--GENERAL INFORMATION | |
| fixed length control field | 910724s1962 ii 000 0 sano |
| 010 ## - LIBRARY OF CONGRESS CONTROL NUMBER | |
| LC control number | sa 65004193 |
| 035 ## - SYSTEM CONTROL NUMBER | |
| System control number | (OCoLC)24128763 |
| 040 ## - CATALOGING SOURCE | |
| Original cataloging agency | DLC |
| Transcribing agency | WaU |
| Modifying agency | DLC |
| 041 0# - LANGUAGE CODE | |
| Language code of text/sound track or separate title | sanhin |
| 042 ## - AUTHENTICATION CODE | |
| Authentication code | premarc |
| 050 00 - LIBRARY OF CONGRESS CALL NUMBER | |
| Classification number | PK875 |
| Item number | .K4 |
| 100 0# - MAIN ENTRY--PERSONAL NAME | |
| Personal name | Kedārabhaṭṭa. |
| 240 10 - UNIFORM TITLE | |
| Uniform title | Vr̥ttaratnākara |
| 245 10 - TITLE STATEMENT | |
| Title | Vr̥ttaratnākaraḥ. |
| 260 ## - PUBLICATION, DISTRIBUTION, ETC. | |
| Date of publication, distribution, etc. | [1962] |
| 300 ## - PHYSICAL DESCRIPTION | |
| Extent | 4, 7, 191, 36 p. |
| Dimensions | 19 cm. |
| 490 1# - SERIES STATEMENT | |
| Series statement | Kāśī Saṃskr̥ta granthamālā ; |
| Volume/sequential designation | 55. |
| Series statement | Chhanda śāstra section |
| Volume/sequential designation | no. 1 |
| 546 ## - LANGUAGE NOTE | |
| Language note | In Sanskrit; commentaries in Hindi and Sanskrit; introd. and notes in Hindi. |
| 650 #0 - SUBJECT ADDED ENTRY--TOPICAL TERM | |
| Topical term or geographic name entry element | Sanskrit language |
| General subdivision | Metrics and rhythmics. |
| 700 0# - ADDED ENTRY--PERSONAL NAME | |
| Personal name | Nārāyaṇabhaṭṭa. |
| 700 1# - ADDED ENTRY--PERSONAL NAME | |
| Personal name | Varakala, Vaidyanāthaśāstrī. |
| 700 12 - ADDED ENTRY--PERSONAL NAME | |
| Personal name | Śarmā, Kedāranātha, |
| Dates associated with a name | 1914- |
| Title of a work | Maṇimayī. |
| 830 #0 - SERIES ADDED ENTRY--UNIFORM TITLE | |
| Uniform title | Kāśīsaṃskr̥tasīrijapustakamālā ; |
| Volume/sequential designation | 55. |
| 830 #0 - SERIES ADDED ENTRY--UNIFORM TITLE | |
| Uniform title | Kāśīsaṃskr̥tasīrijapustakamālā. |
| Name of part/section of a work | Chandovibhāga ; |
| Volume/sequential designation | 1. puṣpam. |
No items available.